<?xml version="1.0" encoding="UTF-8"?>
<record
    xmlns:xsi="http://www.w3.org/2001/XMLSchema-instance"
    xsi:schemaLocation="http://www.loc.gov/MARC21/slim http://www.loc.gov/standards/marcxml/schema/MARC21slim.xsd"
    xmlns="http://www.loc.gov/MARC21/slim">

  <leader>01102nam a2200229Ia 4500</leader>
  <controlfield tag="003">OSt</controlfield>
  <controlfield tag="005">20240508144639.0</controlfield>
  <controlfield tag="008">210719s2003    xx            000 0 und d</controlfield>
  <datafield tag="040" ind1=" " ind2=" ">
    <subfield code="c">AL</subfield>
  </datafield>
  <datafield tag="041" ind1=" " ind2=" ">
    <subfield code="a">Kannada</subfield>
  </datafield>
  <datafield tag="082" ind1=" " ind2=" ">
    <subfield code="a">K894.8 GANA</subfield>
  </datafield>
  <datafield tag="100" ind1=" " ind2=" ">
    <subfield code="a">GANGADHARA (K R) ,SITARAMA KEVALA,CHANDRASHEKARA DAMLE</subfield>
    <subfield code="d">&#xC97;&#xC82;&#xC97;&#xCBE;&#xCA7;&#xCB0; (&#xC95;&#xCC6; &#xC86;&#xCB0;&#xCCD;) ,&#xCB8;&#xCC0;&#xCA4;&#xCBE;&#xCB0;&#xCBE;&#xCAE; &#xC95;&#xCC7;&#xCB5;&#xCB3;,&#xC9A;&#xC82;&#xCA6;&#xCCD;&#xCB0;&#xCB6;&#xCC7;&#xC96;&#xCB0;&#xCCD; &#xCA6;&#xCBE;&#xCAE;&#xCCD;&#xCB2;&#xCC6; </subfield>
    <subfield code="9">163773</subfield>
  </datafield>
  <datafield tag="245" ind1=" " ind2=" ">
    <subfield code="a">Amara shri Shri kurunji venkatramana gaudara amrata mahotsava abhinandana samputa </subfield>
    <subfield code="b">&#xC85;&#xCAE;&#xCB0; &#xCB6;&#xCCD;&#xCB0;&#xCC0; &#xCB6;&#xCCD;&#xCB0;&#xCC0; &#xC95;&#xCC1;&#xCB0;&#xCC1;&#xC82;&#xC9C;&#xCBF; &#xCB5;&#xCC6;&#xC82;&#xC95;&#xC9F;&#xCB0;&#xCAE;&#xCA3; &#xC97;&#xCCC;&#xCA1;&#xCB0; &#xC85;&#xCAE;&#xCC3;&#xCA4; &#xCAE;&#xCB9;&#xCCB;&#xCA4;&#xCCD;&#xCB8;&#xCB5; &#xC85;&#xCAD;&#xCBF;&#xCA8;&#xC82;&#xCA6;&#xCA8;&#xCBE; &#xCB8;&#xC82;&#xCAA;&#xCC1;&#xC9F; </subfield>
  </datafield>
  <datafield tag="260" ind1=" " ind2=" ">
    <subfield code="a">Sullya</subfield>
    <subfield code="c">2003</subfield>
  </datafield>
  <datafield tag="300" ind1=" " ind2=" ">
    <subfield code="a">333</subfield>
    <subfield code="b">HB</subfield>
  </datafield>
  <datafield tag="365" ind1=" " ind2=" ">
    <subfield code="b">150</subfield>
    <subfield code="c">Rs</subfield>
  </datafield>
  <datafield tag="650" ind1=" " ind2=" ">
    <subfield code="a">Kannada literature</subfield>
    <subfield code="9">163774</subfield>
  </datafield>
  <datafield tag="650" ind1=" " ind2=" ">
    <subfield code="a">Kannada Miscellaneous</subfield>
    <subfield code="9">163775</subfield>
  </datafield>
  <datafield tag="700" ind1=" " ind2=" ">
    <subfield code="d">PUVAPPA KANIYURU </subfield>
    <subfield code="e">&#xCAA;&#xCC2;&#xCB5;&#xCAA;&#xCCD;&#xCAA; &#xC95;&#xCBE;&#xCA3;&#xCBF;&#xCAF;&#xCC2;&#xCB0;&#xCCD; Ed </subfield>
    <subfield code="9">163776</subfield>
  </datafield>
  <datafield tag="906" ind1=" " ind2=" ">
    <subfield code="a">abhinandana ; Amara ; amrata ; gaudara ; kurunji ; mahotsava ; samputa ; shri ; shri: ; venkatramana</subfield>
  </datafield>
  <datafield tag="942" ind1=" " ind2=" ">
    <subfield code="2">ddc</subfield>
    <subfield code="c">BK</subfield>
  </datafield>
  <datafield tag="999" ind1=" " ind2=" ">
    <subfield code="c">214521</subfield>
    <subfield code="d">214521</subfield>
  </datafield>
  <datafield tag="952" ind1=" " ind2=" ">
    <subfield code="0">0</subfield>
    <subfield code="1">0</subfield>
    <subfield code="4">0</subfield>
    <subfield code="7">0</subfield>
    <subfield code="8">Kannada</subfield>
    <subfield code="a">AL</subfield>
    <subfield code="b">AL</subfield>
    <subfield code="d">2008-01-30</subfield>
    <subfield code="g">150.00</subfield>
    <subfield code="l">0</subfield>
    <subfield code="o">K894.8 GANA</subfield>
    <subfield code="p">D03133</subfield>
    <subfield code="r">2021-07-19 00:00:00</subfield>
    <subfield code="w">2021-07-19</subfield>
    <subfield code="y">DB</subfield>
  </datafield>
</record>
